Представление документа в формате RUSMARC

Поле Инд. ПП Название Значение
Тип записи a
Библиографический уровень a
001 Контрольный номер f68adc17fc904039b1872a65ce648ee1
005 Дата корректировки 20181124200616.2
100 a Данные общей обработки 20181113 ||| 0rusy0189 ca
101 0_ a Язык текста rus
102 a Страна публикации RU
200 1_ f Первые сведения об ответственности Л.А. Татаров, В.Н. Галузо
a Заглавие "Вещные доказательства" в системе доказательств в уголовном процессе Российской Федерации
b Общее обозначение материала Текст
210 d Дата издания 2017
461 _0 1 2000
a Закон и право
463 _0 1 2000
a №9
v С. 72-75
1 2101
d 2017
1 0016ca7d1be9dfb4afba281eba1b6eb640b
606 a Основная рубрика Уголовно-процессуальное право
610 0_ a Ключевые слова ДОКАЗАТЕЛЬСТВА
700 _1 a Фамилия Татаров
b Имя Л.А.
701 _1 a Фамилия Галузо
b Имя В.Н.
801 _0 a Страна RU
b Организация РГУП
c Дата составления 20181113
g Правила каталогизации PSBO
801 _1 a Страна RU
b Организация РГУП
c Дата составления 20181113
g Правила каталогизации PSBO
901 t Тип документа b
w Контрольный № источника 6ca7d1be9dfb4afba281eba1b6eb640b
905 a Дата ввода 20181113